[Event "Cto Aragón Equipos Pref Gr II"]
[Site "Aragon"]
[Date "2014.02.08"]
[Round "3.65"]
[White "Turon Perez, David"]
[Black "Planas Torrea, Francisco Javie"]
[Result "1-0"]
[WhiteElo "1924"]
[BlackElo "2034"]
[PlyCount "83"]
[EventDate "2014.??.??"]
[WhiteTeam "Tauste B"]
[BlackTeam "Ejea"]

1. Nf3 d5 2. d4 Bf5 3. c4 e6 4. Nc3 c6 5. Bf4 Nf6 6. e3 Qb6 7. Qb3 Nbd7 8. c5
Qxb3 9. axb3 Ne4 10. b4 Be7 11. Be2 g5 12. Bg3 h5 13. h4 Nxg3 14. fxg3 g4 15.
Nd2 O-O 16. Nb3 Nf6 17. Nd2 Bd8 18. O-O Bc7 19. Kh2 a6 20. Ra3 Kg7 21. Na4 Bg6
22. Bd3 Ng8 23. Bb1 Nh6 24. Nc3 Bxb1 25. Ncxb1 Nf5 26. e4 Nxd4 27. Rd3 Nc2 28.
exd5 cxd5 29. Rb3 Nd4 30. Rd3 Nf5 31. Nc3 Nxh4 32. Kh1 Nf5 33. Ne2 Kg6 34. Nf4+
Kg5 35. Nxd5 Nxg3+ 36. Rxg3 Bxg3 37. Ne4+ Kh4 38. Ndf6 Rad8 39. Nxg3 Kxg3 40.
Ne4+ Kh4 41. g3+ Kh3 42. Rg1 1-0

[Event "Cto Aragón Equipos Pref Gr II"]
[Site "Aragon"]
[Date "2014.02.08"]
[Round "3.66"]
[White "Planas Torrea, Alberto"]
[Black "Garcia Montolar, Cesar"]
[Result "0-1"]
[WhiteElo "1920"]
[BlackElo "1836"]
[PlyCount "34"]
[EventDate "2014.??.??"]
[WhiteTeam "Ejea"]
[BlackTeam "Tauste B"]

1. e4 d6 2. d4 g6 3. Ne2 Nd7 4. g3 Bg7 5. Bg2 e5 6. c3 Ne7 7. O-O O-O 8. g4 f5
9. gxf5 gxf5 10. exf5 Nxf5 11. Ng3 exd4 12. Nxf5 Rxf5 13. Bh3 Rf6 14. Bg5 Rg6
15. f4 Ne5 16. cxd4 Bxh3 17. dxe5 Rxg5+ 0-1

[Event "Cto Aragón Equipos Pref Gr II"]
[Site "Aragon"]
[Date "2014.02.08"]
[Round "3.67"]
[White "Constin Balesescu, Ion"]
[Black "Marcellan Peire, Jesus Eduardo"]
[Result "0-1"]
[WhiteElo "1781"]
[BlackElo "1886"]
[PlyCount "76"]
[EventDate "2014.??.??"]
[WhiteTeam "Tauste B"]
[BlackTeam "Ejea"]

1. e4 c5 2. Nf3 e6 3. Nc3 a6 4. a4 Nc6 5. Bc4 Qc7 6. d4 cxd4 7. Nxd4 Nf6 8. O-O
Be7 9. Nde2 Bd6 10. h3 h5 11. Bd3 Ne5 12. f4 Bc5+ 13. Kh1 Neg4 14. Qe1 b6 15.
Nd1 a5 16. c3 Nh6 17. Qg3 Kf8 18. Ne3 Bb7 19. e5 Ne4 20. Qh4 Bxe3 21. Bxe4 Bxe4
22. Bxe3 Nf5 23. Qf2 Rb8 24. Nd4 Qb7 25. Nxf5 Bxf5 26. h4 Rh6 27. Kh2 Bg4 28.
Qd2 Qc6 29. Qd4 Rg6 30. Rf2 Rb7 31. Rd2 Ke8 32. Ra3 b5 33. axb5 Rxb5 34. Qa7
Bf5 35. Rxa5 Rxa5 36. Qxa5 Bd3 37. g3 Qf3 38. Bf2 Be4 0-1

[Event "Cto Aragón Equipos Pref Gr II"]
[Site "Aragon"]
[Date "2014.02.08"]
[Round "3.68"]
[White "Galvez Longas, Isaac"]
[Black "San Lazaro Lorente, David"]
[Result "1/2-1/2"]
[WhiteElo "1708"]
[BlackElo "1778"]
[PlyCount "68"]
[EventDate "2014.??.??"]
[WhiteTeam "Ejea"]
[BlackTeam "Tauste B"]

1. c4 c6 2. Nc3 d5 3. cxd5 cxd5 4. d4 e6 5. Nf3 Bd6 6. e3 Nf6 7. Nb5 O-O 8.
Nxd6 Qxd6 9. Bd3 Nc6 10. Bd2 Bd7 11. a3 a5 12. Qc2 Rfc8 13. Bc3 Na7 14. O-O Bb5
15. Rfc1 Bxd3 16. Qxd3 Nc6 17. Rc2 Ne4 18. Rac1 Qd7 19. Nd2 Nxd2 20. Bxd2 a4
21. f3 Ne7 22. Rxc8+ Rxc8 23. Rxc8+ Qxc8 24. Qc3 Qxc3 25. Bxc3 f5 26. Kf2 Kf7
27. h3 h5 28. Ke2 Nc6 29. Kd3 b5 30. e4 fxe4+ 31. fxe4 Kf6 32. Bd2 Kg6 33. Bf4
Kf6 34. Be3 Kg6 1/2-1/2

[Event "Cto Aragón Equipos Pref Gr II"]
[Site "Aragon"]
[Date "2014.02.08"]
[Round "3.69"]
[White "Hinojar Basa, Alfonso"]
[Black "Gracia Campo, Carlos Alberto"]
[Result "1/2-1/2"]
[WhiteElo "2201"]
[BlackElo "2049"]
[PlyCount "101"]
[EventDate "2014.??.??"]
[WhiteTeam "Marcos Frechin"]
[BlackTeam "El Olivar C"]

1. e4 d5 2. exd5 Qxd5 3. Nc3 Qd8 4. d4 Nf6 5. Nf3 Bf5 6. g3 e6 7. Bg2 c6 8. O-O
Nbd7 9. a4 a5 10. Qe2 Be7 11. h3 h6 12. Ne5 O-O 13. g4 Bh7 14. f4 Nxe5 15. dxe5
Nd5 16. Ne4 Bxe4 17. Qxe4 Qb6+ 18. Kh1 Rad8 19. f5 Bg5 20. Bxg5 hxg5 21. Ra3
Nf4 22. Rb3 Qa7 23. Qe3 Qxe3 24. Rxe3 Rd2 25. Be4 Rfd8 26. h4 Rd1 27. Ree1 Rxe1
28. Rxe1 gxh4 29. Rf1 Ne2 30. Kg2 Ng3 31. Re1 Nxe4 32. Rxe4 exf5 33. gxf5 Rd2+
34. Kh3 Rxc2 35. e6 fxe6 36. fxe6 Kf8 37. b4 axb4 38. Rxb4 Ke7 39. Rxb7+ Kxe6
40. Rxg7 Rc4 41. a5 Ra4 42. Rg5 Kd6 43. Rh5 c5 44. Kg2 Kc6 45. Kf2 Kb5 46. Ke2
Ra2+ 47. Kd1 Kxa5 48. Rxc5+ Kb4 49. Rh5 Rh2 50. Ke1 Kc3 51. Kf1 1/2-1/2

[Event "Cto Aragón Equipos Pref Gr II"]
[Site "Aragon"]
[Date "2014.02.08"]
[Round "3.70"]
[White "Bailo Remacha, Santiago"]
[Black "Sebastian Bespin, Ruben"]
[Result "1-0"]
[WhiteElo "2016"]
[BlackElo "2153"]
[PlyCount "115"]
[EventDate "2014.??.??"]
[WhiteTeam "El Olivar C"]
[BlackTeam "Marcos Frechin"]

1. g3 e6 2. Bg2 c5 3. c4 Nc6 4. Nc3 g6 5. b3 Bg7 6. Bb2 d6 7. Nf3 Nge7 8. Na4
e5 9. e3 O-O 10. d4 exd4 11. exd4 Bg4 12. dxc5 Bxb2 13. Nxb2 Bxf3 14. Bxf3 Qa5+
15. Qd2 Qxd2+ 16. Kxd2 dxc5 17. Nd3 Rad8 18. Kc3 b6 19. Rhe1 Rd6 20. Nf4 Rfd8
21. Bxc6 Nxc6 22. Nd5 Nd4 23. Re7 b5 24. Rae1 b4+ 25. Kb2 a5 26. Re8+ Rxe8 27.
Rxe8+ Kg7 28. Rc8 Nc6 29. Kc2 g5 30. h3 Re6 31. Kd2 h5 32. g4 hxg4 33. hxg4 Nd4
34. Rxc5 Nc6 35. Ne3 Kg6 36. Nf5 Ne5 37. Nd4 Rd6 38. Rxe5 Rxd4+ 39. Ke3 Rxg4
40. Rxa5 f5 41. Ra6+ Kf7 42. Rb6 Re4+ 43. Kf3 g4+ 44. Kg3 Re2 45. Rxb4 Rxa2 46.
c5 Rc2 47. Rc4 Rb2 48. b4 Ke7 49. Rf4 Rb3+ 50. Kh4 Ke6 51. Kg5 g3 52. fxg3
Rxg3+ 53. Kh4 Rb3 54. Rc4 Kd7 55. c6+ Kc7 56. Kg5 Rf3 57. b5 Rh3 58. b6+ 1-0

[Event "Cto Aragón Equipos Pref Gr II"]
[Site "Aragon"]
[Date "2014.02.08"]
[Round "3.71"]
[White "Sancho Cortes, Miguel Angel"]
[Black "Requena Munguira, Jorge"]
[Result "0-1"]
[WhiteElo "2050"]
[BlackElo "1950"]
[PlyCount "160"]
[EventDate "2014.??.??"]
[WhiteTeam "Marcos Frechin"]
[BlackTeam "El Olivar C"]

1. e4 c6 2. d4 d5 3. Nd2 dxe4 4. Nxe4 Bf5 5. Ng3 Bg6 6. Nf3 Nf6 7. Bc4 e6 8.
O-O Bd6 9. Qe2 O-O 10. Ne5 Nbd7 11. Nxg6 hxg6 12. Ne4 Nxe4 13. Qxe4 Nf6 14. Qh4
Qb6 15. Bb3 a5 16. a4 Nd5 17. Rd1 Be7 18. Bg5 Bxg5 19. Qxg5 Rfd8 20. Qg4 Rd7
21. Rd3 Rad8 22. Rad1 Qc7 23. Bxd5 Rxd5 24. Qe4 Qb6 25. b3 Qb4 26. c4 R5d7 27.
h4 Qe7 28. d5 exd5 29. Qxe7 Rxe7 30. cxd5 Red7 31. d6 f5 32. f4 Kf7 33. Kf2 Re8
34. Kf3 Re4 35. g4 Ke6 36. gxf5+ gxf5 37. Rg1 Kf6 38. h5 Re6 39. Rgd1 Kf7 40.
R1d2 Rh6 41. Kg3 Rxh5 42. Re2 Rh6 43. Re5 b6 44. Rxf5+ Rf6 45. Re5 Rfxd6 46.
Rde3 Rd3 47. Kg4 Rxe3 48. Rxe3 Kf6 49. Kf3 Rc7 50. Rd3 Ke6 51. Ke4 b5 52. Rg3
bxa4 53. bxa4 c5 54. Rg6+ Kf7 55. Rg3 Kf6 56. Rc3 c4 57. Kd5 Kf5 58. Kd6 Rb7
59. Rxc4 Rb4 60. Rc5+ Kxf4 61. Rxa5 g5 62. Ra8 g4 63. a5 g3 64. a6 g2 65. Rg8
Kf3 66. Kc6 Rg4 67. Rf8+ Rf4 68. Rg8 Rg4 69. Rf8+ Kg3 70. a7 g1=Q 71. a8=Q Qc1+
72. Kd6 Rd4+ 73. Ke7 Qc7+ 74. Kf6 Rf4+ 75. Ke6 Qc4+ 76. Kd7 Rd4+ 77. Ke7 Qc7+
78. Kf6 Rd6+ 79. Kf5 Qc5+ 80. Ke4 Rd4+ 0-1

[Event "Cto Aragón Equipos Pref Gr II"]
[Site "Aragon"]
[Date "2014.02.08"]
[Round "3.72"]
[White "Labrador Postigo, Francisco M"]
[Black "Torres Ferrandez, Mario"]
[Result "1-0"]
[WhiteElo "1911"]
[BlackElo "1889"]
[PlyCount "77"]
[EventDate "2014.??.??"]
[WhiteTeam "El Olivar C"]
[BlackTeam "Marcos Frechin"]

1. d4 f5 2. Nc3 g6 3. h4 h6 4. e4 d5 5. exd5 Nf6 6. Bc4 a6 7. a4 Nbd7 8. Qf3
Kf7 9. h5 Nb6 10. hxg6+ Kg7 11. Bb3 e6 12. Nge2 Nbxd5 13. Nxd5 exd5 14. Bf4 Bd6
15. O-O-O c6 16. Rh3 Ne4 17. Rdh1 Bxf4+ 18. Qxf4 Qg5 19. Qxg5 Nxg5 20. Re3 Kxg6
21. Nf4+ Kf6 22. Nh5+ Kg6 23. Re7 Rg8 24. c4 Be6 25. f4 dxc4 26. Bc2 Ne4 27.
Rxe6+ Kf7 28. Rxh6 Rh8 29. Rxh8 Rxh8 30. Bxe4 fxe4 31. Ng3 Rg8 32. Rh3 e3 33.
Kd1 Kf6 34. Ke2 Re8 35. Rh7 Rg8 36. Kf3 b5 37. Rc7 Rd8 38. Rxc6+ Ke7 39. Kxe3
1-0

[Event "Cto Aragón Equipos Div Honor Gr I"]
[Site "Aragon"]
[Date "2014.02.15"]
[Round "4.1"]
[White "Cifuentes Parada, Roberto"]
[Black "Garcia Fernandez, Javier"]
[Result "1-0"]
[WhiteElo "2458"]
[BlackElo "2174"]
[PlyCount "105"]
[EventDate "2014.??.??"]
[EventCountry "ESP"]
[WhiteTeam "Jaque"]
[BlackTeam "Teruel"]

1. d4 Nf6 2. Nf3 e6 3. Bg5 d5 4. Nbd2 Be7 5. e3 c6 6. Bd3 Nbd7 7. O-O O-O 8. c3
Re8 9. Qe2 h6 10. Bh4 Qc7 11. e4 Nxe4 12. Nxe4 Bxh4 13. Nxh4 dxe4 14. Qxe4 Nf6
15. Qe5 Qb6 16. Rab1 Rd8 17. Nf3 Rd5 18. Qe2 c5 19. c4 Rd8 20. dxc5 Qxc5 21.
Rfd1 Qc7 22. Qe5 Qxe5 23. Nxe5 Kf8 24. Be2 Rxd1+ 25. Rxd1 Ke8 26. Bf3 Rb8 27.
b4 Nd7 28. Ng4 Kd8 29. c5 Kc7 30. Rc1 f5 31. Ne3 Ne5 32. Be2 f4 33. Nc4 Nxc4
34. Rxc4 g5 35. b5 Bd7 36. a4 e5 37. Bf3 Rd8 38. h3 Be6 39. Re4 Rd5 40. b6+
axb6 41. cxb6+ Kb8 42. Re1 Rc5 43. Rd1 Bf5 44. Rd8+ Rc8 45. Rd5 Re8 46. a5 Kc8
47. Kh2 Bd7 48. Rc5+ Kb8 49. Rc7 Bc8 50. Be4 Rd8 51. a6 Re8 52. Bxb7 Bxb7 53.
Rxb7+ 1-0

[Event "Cto Aragón Equipos Div Honor Gr I"]
[Site "Aragon"]
[Date "2014.02.15"]
[Round "4.2"]
[White "Dominguez Bujeda, Jesus"]
[Black "Accattato Martin, Mario"]
[Result "1/2-1/2"]
[WhiteElo "2171"]
[BlackElo "2232"]
[PlyCount "61"]
[EventDate "2014.??.??"]
[EventCountry "ESP"]
[WhiteTeam "Teruel"]
[BlackTeam "Jaque"]

1. d4 Nf6 2. c4 g6 3. Nc3 Bg7 4. e4 d6 5. f3 O-O 6. Bg5 c5 7. d5 e6 8. Qd2 a6
9. a4 Qa5 10. Ra3 exd5 11. cxd5 Re8 12. Nge2 Nbd7 13. Nc1 Ne5 14. Be2 Rb8 15.
O-O Qc7 16. N1a2 b6 17. Rc1 Ned7 18. Be3 Bb7 19. b4 Rbc8 20. Nd1 Qd8 21. Nf2
cxb4 22. Rxc8 Bxc8 23. Nxb4 Nc5 24. Nc6 Qc7 25. Qb4 Nfd7 26. Bd4 f6 27. Qb2 Bb7
28. Nb4 Qd8 29. Bf1 Qe7 30. Nc6 Qf7 31. Nd3 1/2-1/2

[Event "Cto Aragón Equipos Div Honor Gr I"]
[Site "Aragon"]
[Date "2014.02.15"]
[Round "4.3"]
[White "Mancho Fondevila, Jorge"]
[Black "Martin Catalan, Juan Vicente"]
[Result "1/2-1/2"]
[WhiteElo "1846"]
[BlackElo "2102"]
[PlyCount "72"]
[EventDate "2014.??.??"]
[EventCountry "ESP"]
[WhiteTeam "Jaque"]
[BlackTeam "Teruel"]

1. d4 Nf6 2. Nf3 e6 3. e3 c5 4. Bd3 d5 5. b3 Nc6 6. O-O Be7 7. Bb2 Nb4 8. Be2
Bd7 9. a3 Nc6 10. Nbd2 Rc8 11. c4 O-O 12. Bd3 cxd4 13. exd4 Nh5 14. Ne5 g6 15.
f4 f5 16. Qe2 Nxe5 17. dxe5 Bc5+ 18. Kh1 Qh4 19. Qe1 Qxe1 20. Raxe1 dxc4 21.
Nxc4 Bb5 22. a4 Rfd8 23. Be2 Ba6 24. Bc1 Rc7 25. Rd1 Rcd7 26. Rxd7 Rxd7 27. Rd1
Rxd1+ 28. Bxd1 Kf7 29. Bf3 Bxc4 30. bxc4 b6 31. g3 Ng7 32. Kg2 Ne8 33. Kf1 Nc7
34. Bb7 Ke7 35. Ke2 a5 36. Be3 Kf7 1/2-1/2

[Event "Cto Aragón Equipos Div Honor Gr I"]
[Site "Aragon"]
[Date "2014.02.15"]
[Round "4.6"]
[White "Sarto Ramos, Angel"]
[Black "Labena Bernal, Antonio"]
[Result "1/2-1/2"]
[WhiteElo "1963"]
[BlackElo "2091"]
[PlyCount "112"]
[EventDate "2014.??.??"]
[EventCountry "ESP"]
[WhiteTeam "El Olivar B"]
[BlackTeam "St. Casablanca B"]

1. d4 Nf6 2. Nf3 e6 3. Nbd2 c5 4. e3 b6 5. Bd3 cxd4 6. exd4 Bb7 7. O-O Be7 8.
Qe2 d6 9. c3 O-O 10. Ng5 Re8 11. Nde4 h6 12. Nxf6+ Bxf6 13. Ne4 Be7 14. Qh5 f5
15. Ng3 Nd7 16. Bxh6 Bf8 17. Bg5 Be7 18. Bxe7 Qxe7 19. Rfe1 Qf7 20. Qxf7+ Kxf7
21. f4 Kf6 22. Re2 Rg8 23. Rae1 Nf8 24. c4 g5 25. fxg5+ Rxg5 26. Rf2 Nd7 27.
Ne4+ Bxe4 28. Bxe4 Rc8 29. Bd3 e5 30. Ref1 f4 31. b3 Ke6 32. h3 Rh8 33. Kh1 Nf6
34. Re1 Rg3 35. Bf1 Kf5 36. Rf3 Rg7 37. dxe5 dxe5 38. Rd3 Ne4 39. Rd6 Nf2+ 40.
Kh2 Ng4+ 41. Kh1 Ne3 42. Rc1 Rg3 43. b4 f3 44. Rd2 e4 45. c5 bxc5 46. bxc5 Kf4
47. c6 Rc8 48. Kg1 Nxf1 49. Kxf1 e3 50. Rd4+ Ke5 51. Rg4 Rxg4 52. hxg4 Rh8 53.
Rc5+ Kd4 54. Rh5 Rb8 55. gxf3 Rb1+ 56. Ke2 Rb2+ 1/2-1/2

[Event "Cto Aragón Equipos Div Honor Gr I"]
[Site "Aragon"]
[Date "2014.02.15"]
[Round "4.7"]
[White "Bellosta Lopez, Pablo"]
[Black "De La Riva Fernandez, Eduardo"]
[Result "1-0"]
[WhiteElo "2071"]
[BlackElo "1965"]
[PlyCount "49"]
[EventDate "2014.??.??"]
[EventCountry "ESP"]
[WhiteTeam "St. Casablanca B"]
[BlackTeam "El Olivar B"]

1. e4 e6 2. d4 d5 3. Nd2 Nf6 4. e5 Nfd7 5. Bd3 c5 6. c3 Nc6 7. Ne2 cxd4 8. cxd4
Qb6 9. Nf3 f6 10. exf6 Nxf6 11. O-O Bd6 12. Re1 O-O 13. Bf4 Bxf4 14. Nxf4 Ne4
15. Bxe4 Rxf4 16. Bxh7+ Kxh7 17. Qd3+ g6 18. Ng5+ Kg7 19. Qh3 Qxd4 20. Qh7+ Kf6
21. Qh6 Bd7 22. Rad1 Qxf2+ 23. Kh1 Nd4 24. Nh3 Rh4 25. Qg5+ 1-0

[Event "Cto Aragón Equipos Div Honor Gr I"]
[Site "Aragon"]
[Date "2014.02.15"]
[Round "4.8"]
[White "Hernandez Delgado, Gabriel"]
[Black "Jaques Burguete, Raul"]
[Result "1/2-1/2"]
[WhiteElo "1931"]
[BlackElo "2023"]
[PlyCount "128"]
[EventDate "2014.??.??"]
[EventCountry "ESP"]
[WhiteTeam "El Olivar B"]
[BlackTeam "St. Casablanca B"]

1. d4 d5 2. Nf3 Nf6 3. e3 e6 4. Bd3 c5 5. b3 Nc6 6. O-O Bd6 7. Bb2 cxd4 8. exd4
O-O 9. a3 Ne4 10. c4 f5 11. Nc3 Nxc3 12. Bxc3 g5 13. Re1 g4 14. Ne5 Nxe5 15.
Rxe5 Bxe5 16. dxe5 Qh4 17. c5 Bd7 18. g3 Qg5 19. Bd2 Qg7 20. Bf4 Bc6 21. Bf1 b6
22. Qd4 bxc5 23. Qxc5 Qd7 24. Qd6 Rfc8 25. Ba6 Qxd6 26. exd6 Rd8 27. Rc1 Be8
28. Rc7 Rd7 29. Bb7 Rad8 30. Bc6 Rxc7 31. dxc7 Rc8 32. Bb7 Bd7 33. Bxc8 Bxc8
34. Kf1 Kf7 35. Be5 Ke7 36. Ke2 Kd7 37. Kd3 Kc6 38. Kd4 Kb5 39. Bd6 a5 40. a4+
Kc6 41. Bf4 Bd7 42. Bd2 Kb6 43. Ke5 Kxc7 44. Bxa5+ Kc6 45. Bb4 Bc8 46. Be7 Kd7
47. Bf8 Ba6 48. Kd4 Be2 49. b4 Bd1 50. a5 Kc6 51. Ke5 d4 52. Kxd4 Kb5 53. Ke5
Bb3 54. Kf6 Bd5 55. Kg7 Ka6 56. Kxh7 Kb5 57. Kg7 Bb3 58. Kf6 Bd5 59. Ke5 Bb3
60. Bc5 Bd5 61. Kd6 Ka6 62. f3 Bxf3 63. Kxe6 Be4 64. Kd6 Kb5 1/2-1/2

[Event "Cto Aragón Equipos Div Honor Gr I"]
[Site "Aragon"]
[Date "2014.02.15"]
[Round "4.9"]
[White "Colas Longares, Rafael P"]
[Black "Guetas Sanchez, Hugo"]
[Result "1-0"]
[WhiteElo "2289"]
[BlackElo "2154"]
[PlyCount "41"]
[EventDate "2014.??.??"]
[EventCountry "ESP"]
[WhiteTeam "Caissa-Hnos Cortes"]
[BlackTeam "L´Aurora Estadilla"]

1. e4 e6 2. d4 d5 3. Nc3 dxe4 4. Nxe4 Bd7 5. Nf3 Bc6 6. Bd3 Nf6 7. Nxf6+ Qxf6
8. Bg5 Bxf3 9. Qd2 Bxg2 10. Bxf6 gxf6 11. Rg1 Bc6 12. Qf4 Nd7 13. Qxc7 Bh6 14.
d5 Bxd5 15. Bb5 Rd8 16. c4 Bc6 17. Bxc6 bxc6 18. Rd1 e5 19. Rg3 Bf4 20. Rb3 Rg8
21. Ke2 1-0

[Event "Cto Aragón Equipos Div Honor Gr I"]
[Site "Aragon"]
[Date "2014.02.15"]
[Round "4.10"]
[White "Solano Lasierra, Javier"]
[Black "Garcia Vicente, Nieves"]
[Result "0-1"]
[WhiteElo "2181"]
[BlackElo "2239"]
[PlyCount "84"]
[EventDate "2014.??.??"]
[EventCountry "ESP"]
[WhiteTeam "L´Aurora Estadilla"]
[BlackTeam "Caissa-Hnos Cortes"]

1. c4 Nf6 2. g3 e6 3. Bg2 d5 4. Nf3 dxc4 5. Na3 Bxa3 6. bxa3 Nc6 7. Bb2 Rb8 8.
Qc2 b5 9. d3 Rb6 10. Rd1 Qe7 11. O-O O-O 12. dxc4 bxc4 13. Ng5 e5 14. Bc3 Nd4
15. Rxd4 exd4 16. Bxd4 g6 17. Qxc4 Be6 18. Nxe6 Qxe6 19. Qxc7 Ra6 20. Bb7 Rxa3
21. Qf4 Nh5 22. Qh6 Ra4 23. Bc5 Re8 24. Bf3 Ng7 25. Rd1 Nf5 26. Qg5 h6 27. Qc1
Kg7 28. e4 Ne7 29. Qb2+ Kg8 30. a3 Rc8 31. Bb4 Nc6 32. Bc3 Kh7 33. Qb7 Nd8 34.
Qb2 Nc6 35. Kg2 Rc4 36. Bf6 Rb8 37. Qa1 Rc2 38. Rd5 Ne7 39. Ra5 Rc6 40. Be5
Rbc8 41. Bf4 g5 42. Bd2 g4 0-1

[Event "Cto Aragón Equipos Div Honor Gr I"]
[Site "Aragon"]
[Date "2014.02.15"]
[Round "4.11"]
[White "Gil Capape, Marco Antonio"]
[Black "Pellicer Cemeli, Jose Luis"]
[Result "1-0"]
[WhiteElo "2061"]
[BlackElo "2075"]
[PlyCount "73"]
[EventDate "2014.??.??"]
[EventCountry "ESP"]
[WhiteTeam "Caissa-Hnos Cortes"]
[BlackTeam "L´Aurora Estadilla"]

1. e4 e6 2. d4 d5 3. e5 c5 4. Nf3 Qb6 5. Bd3 Bd7 6. a4 cxd4 7. O-O Nc6 8. Nbd2
Nge7 9. Nb3 Ng6 10. Bxg6 hxg6 11. Nbxd4 Rh5 12. Re1 Bc5 13. c3 Nxd4 14. cxd4
Be7 15. Re3 Rc8 16. Bd2 Rc4 17. b3 Rxd4 18. Nxd4 Qxd4 19. Bc3 Qf4 20. h3 Bc5
21. Rf3 Qe4 22. Qd3 Qh4 23. g4 Rh8 24. b4 d4 25. Bd2 Bc6 26. Rg3 Bb6 27. a5 Bc7
28. Qxd4 f5 29. Rc1 fxg4 30. b5 Bd5 31. Rxc7 Qd8 32. b6 axb6 33. axb6 gxh3 34.
Kh2 Rh4 35. Rg4 Rh5 36. Bb4 Qa8 37. Qc5 1-0

[Event "Cto Aragón Equipos Div Honor Gr I"]
[Site "Aragon"]
[Date "2014.02.15"]
[Round "4.12"]
[White "Pellicer Cerezuela, Miguel"]
[Black "Carraminana Lopez, Luis Antoni"]
[Result "0-1"]
[WhiteElo "1927"]
[BlackElo "2009"]
[PlyCount "100"]
[EventDate "2014.??.??"]
[EventCountry "ESP"]
[WhiteTeam "L´Aurora Estadilla"]
[BlackTeam "Caissa-Hnos Cortes"]

1. d4 d5 2. c4 c6 3. Nf3 Nf6 4. Nc3 a6 5. e3 Bf5 6. cxd5 cxd5 7. Bd3 Bxd3 8.
Qxd3 e6 9. O-O Nc6 10. a3 Be7 11. e4 dxe4 12. Nxe4 Nxe4 13. Qxe4 O-O 14. Bf4
Bf6 15. Rad1 Re8 16. b4 Qd5 17. Qe3 Red8 18. Rd2 a5 19. bxa5 Nxa5 20. Rc2 Nc4
21. Qe2 b5 22. Be5 Bxe5 23. Nxe5 Nxe5 24. dxe5 Rxa3 25. Rc7 g6 26. h4 Ra2 27.
Qe3 Qd3 28. Qc1 b4 29. Rc8 b3 30. Rd1 Qxd1+ 31. Qxd1 Rxc8 32. Qxb3 Rcc2 33.
Qb8+ Kg7 34. Qd8 Rxf2 35. g4 Rf4 36. Qd1 Raa4 37. h5 Rxg4+ 38. Kf2 Raf4+ 39.
Ke3 Re4+ 40. Kf3 Rgf4+ 41. Kg3 g5 42. Qd6 h6 43. Qe7 Rxe5 44. Qa7 Ref5 45. Qa1+
e5 46. Qa5 e4 47. Qc3+ Kh7 48. Qc8 Rf2 49. Qc6 R5f3+ 50. Kg4 Rg2# 0-1

[Event "Cto Aragón Equipos Div Honor Gr I"]
[Site "Aragon"]
[Date "2014.02.15"]
[Round "4.13"]
[White "Garza Marco, Sergio"]
[Black "Hefty, Jorge W"]
[Result "0-1"]
[WhiteElo "2447"]
[BlackElo "2342"]
[PlyCount "68"]
[EventDate "2014.??.??"]
[EventCountry "ESP"]
[WhiteTeam "Jaime Casas"]
[BlackTeam "IberCaja"]

1. e4 c5 2. d4 cxd4 3. c3 Nf6 4. e5 Nd5 5. Qxd4 e6 6. Nf3 Nc6 7. Qe4 d6 8. Bb5
Bd7 9. c4 Nc7 10. exd6 Bxd6 11. O-O Nxb5 12. cxb5 Ne7 13. Nc3 Qc7 14. Rd1 Rd8
15. Qd4 Bc6 16. bxc6 Bxh2+ 17. Nxh2 Rxd4 18. Rxd4 Nxc6 19. Rg4 f5 20. Rc4 O-O
21. Be3 a6 22. a4 Rd8 23. Nf3 e5 24. a5 Qf7 25. Rxc6 bxc6 26. Nxe5 Qb3 27. Nxc6
Re8 28. Rd1 Qxb2 29. Bd4 h6 30. Rb1 Qd2 31. Rd1 Qc2 32. Nb4 Qb3 33. Nbd5 Rd8
34. Rb1 Qxb1+ 0-1

[Event "Cto Aragón Equipos Div Honor Gr I"]
[Site "Aragon"]
[Date "2014.02.15"]
[Round "4.14"]
[White "Martinez Cebolla, Alberto"]
[Black "Antoli Royo, Joaquin Miguel"]
[Result "0-1"]
[WhiteElo "2054"]
[BlackElo "2418"]
[PlyCount "46"]
[EventDate "2014.??.??"]
[EventCountry "ESP"]
[WhiteTeam "IberCaja"]
[BlackTeam "Jaime Casas"]

1. e4 c5 2. Nf3 Nc6 3. Bb5 e6 4. Bxc6 bxc6 5. d3 Qc7 6. O-O e5 7. c3 Nf6 8. Re1
Be7 9. d4 cxd4 10. cxd4 exd4 11. Qxd4 O-O 12. Nc3 d6 13. Bf4 Rd8 14. Rac1 Qb7
15. Red1 Bg4 16. b3 Nh5 17. Be3 Qd7 18. Qc4 Bxf3 19. gxf3 Bf6 20. Ne2 Be5 21.
Nd4 Qh3 22. f4 Nxf4 23. Qf1 Ne2+ 0-1

[Event "Cto Aragón Equipos Div Honor Gr I"]
[Site "Aragon"]
[Date "2014.02.15"]
[Round "4.16"]
[White "Garcia Monterde, Francisco Jos"]
[Black "Fontana Sotomayor, Luis Javier"]
[Result "0-1"]
[WhiteElo "1986"]
[BlackElo "2323"]
[PlyCount "106"]
[EventDate "2014.??.??"]
[EventCountry "ESP"]
[WhiteTeam "IberCaja"]
[BlackTeam "Jaime Casas"]

1. c4 f5 2. g3 Nf6 3. Bg2 e6 4. Nf3 c6 5. O-O d5 6. d4 Bd6 7. b3 Qe7 8. Bb2 O-O
9. Nbd2 a5 10. Ne5 Nbd7 11. h3 Ne4 12. e3 a4 13. Nxe4 fxe4 14. f4 exf3 15. Rxf3
Rxf3 16. Qxf3 axb3 17. axb3 Rxa1+ 18. Bxa1 Nxe5 19. dxe5 Bc7 20. Kh2 dxc4 21.
bxc4 Qa3 22. Qd1 Qxe3 23. Bd4 Qg5 24. h4 Qf5 25. Qe2 Bd7 26. Be4 Qf7 27. Bc2
Be8 28. c5 Qh5 29. Qe3 Bg6 30. Bb3 Bf5 31. Bc4 Qg4 32. Bf1 Qe4 33. Qd2 Qc2 34.
Qxc2 Bxc2 35. Bc4 Bf5 36. Kg1 Kf7 37. Kf2 Be4 38. Ke3 Bd5 39. Bd3 h6 40. h5 Ba5
41. Bg6+ Ke7 42. Ke2 Kd7 43. Kd3 Kc7 44. Be3 Bb4 45. g4 Bf3 46. g5 hxg5 47. Kc4
Be1 48. Bxg5 Bg3 49. Kd4 Bf2+ 50. Kc4 Bd5+ 51. Kb4 Bd4 52. Bf4 b6 53. cxb6+
Kxb6 0-1

[Event "Cto Aragón Equipos Div Honor Gr II"]
[Site "Aragon"]
[Date "2014.02.15"]
[Round "4.17"]
[White "Del Rey, Diego"]
[Black "Adla, Diego"]
[Result "1/2-1/2"]
[WhiteElo "2373"]
[BlackElo "2471"]
[PlyCount "33"]
[EventDate "2014.??.??"]
[EventCountry "ESP"]
[WhiteTeam "El Olivar"]
[BlackTeam "St. Casablanca"]

1. d4 Nf6 2. Nf3 e6 3. Bg5 c5 4. e3 cxd4 5. exd4 Be7 6. Nbd2 b6 7. Bd3 Bb7 8.
O-O d6 9. a4 a6 10. Re1 Nbd7 11. c3 O-O 12. Nf1 Re8 13. Ng3 Qc7 14. Qe2 Bf8 15.
Bc2 Bd5 16. Bxf6 Nxf6 17. Ne4 1/2-1/2

[Event "Cto Aragón Equipos Div Honor Gr II"]
[Site "Aragon"]
[Date "2014.02.15"]
[Round "4.18"]
[White "Glavina, Pablo"]
[Black "Chueca Forcen, Alberto"]
[Result "1-0"]
[WhiteElo "2444"]
[BlackElo "2326"]
[PlyCount "153"]
[EventDate "2014.??.??"]
[EventCountry "ESP"]
[WhiteTeam "St. Casablanca"]
[BlackTeam "El Olivar"]

1. d4 a6 2. e4 b5 3. Bg5 Bb7 4. Bd3 h6 5. Bh4 g5 6. Bg3 Bg7 7. c3 d6 8. h4 Nf6
9. Qe2 e6 10. Nd2 c5 11. hxg5 hxg5 12. Rxh8+ Bxh8 13. e5 dxe5 14. dxe5 Nfd7 15.
Qh5 Bg7 16. Ne4 Nxe5 17. Bxe5 Bxe5 18. Nxg5 Qf6 19. Nxf7 Bxc3+ 20. Kf1 Bd4 21.
Nh3 Ke7 22. Nfg5 Nd7 23. Re1 Rh8 24. Qxh8 Qxh8 25. Rxe6+ Kf8 26. Nh7+ Kg8 27.
Re8+ Kf7 28. Rxh8 Bxh8 29. b3 Nf6 30. N7g5+ Ke7 31. Nf4 Kd7 32. Bf5+ Ke8 33.
Nge6 Nd7 34. Nc7+ Kd8 35. Nce6+ Ke8 36. g4 c4 37. bxc4 bxc4 38. Ke2 Ne5 39. g5
Ke7 40. Nc5 Bf3+ 41. Ke3 a5 42. Be4 Bd1 43. Nd5+ Kf7 44. f4 Ng4+ 45. Kd2 Nf2
46. Bb1 Bf3 47. g6+ Kg8 48. Ne7+ Kf8 49. Nf5 Bg4 50. Ne6+ Ke8 51. g7 Bxg7 52.
Nexg7+ Kf7 53. Ke3 Nd1+ 54. Kd4 Be2 55. Ng3 Bd3 56. Bxd3 cxd3 57. N7f5 d2 58.
Nd6+ Ke7 59. Nc4 Nc3 60. Nxd2 Nxa2 61. Nc4 a4 62. Nb6 Nb4 63. Nxa4 Nc6+ 64. Kd5
Nd8 65. Nc5 Kf6 66. Nce4+ Ke7 67. f5 Nf7 68. f6+ Kf8 69. Nf5 Nh8 70. Nh6 Ng6
71. Ng5 Ke8 72. Ke6 Nh8 73. Kf5 Kf8 74. Ne6+ Ke8 75. Kg5 Kd7 76. Nf8+ Ke8 77.
Ng6 1-0